[Event "Gironi-ch A"]
[Site "Sant Gregori"]
[Date "2007.11.25"]
[Round "8.6"]
[White "Casanellas Ruano, Lluis"]
[Black "Cid Blazquez, Antonio"]
[Result "1-0"]
[WhiteElo "2126"]
[BlackElo "2012"]
[PlyCount "61"]
[EventDate "2007.10.07"]
[EventType "swiss"]
[EventRounds "8"]
[EventCountry "ESP"]
[SourceTitle "EXT 2024"]
[Source "ChessBase"]
[SourceDate "2023.10.10"]
[SourceVersion "1"]
[SourceVersionDate "2023.10.10"]
[SourceQuality "1"]

1. e4 c5 2. Nf3 Nc6 3. d4 cxd4 4. Nxd4 Nf6 5. Nc3 e5 6. Ndb5 d6 7. Bg5 a6 8. Na3 b5 9. Nd5 Be7 10. Nxe7 Nxe7 11. Bxf6 gxf6 12. c4 f5 13. cxb5 0-0 14. Qd2 fxe4 15. Rd1 d5 16. bxa6 Bxa6 17. Bxa6 Rxa6 18. Nb5 d4 19. b3 Rg6 20. g3 Nd5 21. 0-0 Qd7 22. Nc3 e3 23. fxe3 Nxc3 24. Qxc3 Rc8 25. Qd2 Qh3 26. exd4 exd4 27. Qf2 f6 28. Rxd4 Rc3 29. Rd2 Rcxg3+ 30. hxg3 Rxg3+ 31. Qxg3+ 1-0

[Event "Gironi-ch A"]
[Site "Sant Gregori"]
[Date "2007.11.18"]
[Round "7.9"]
[White "Cid Blazquez, Antonio"]
[Black "Escute Brocas, Josep"]
[Result "1-0"]
[WhiteElo "2012"]
[BlackElo "1903"]
[PlyCount "88"]
[EventDate "2007.10.07"]
[EventType "swiss"]
[EventRounds "8"]
[EventCountry "ESP"]
[SourceTitle "EXT 2024"]
[Source "ChessBase"]
[SourceDate "2023.10.10"]
[SourceVersion "1"]
[SourceVersionDate "2023.10.10"]
[SourceQuality "1"]

1. e4 d5 2. exd5 Nf6 3. d4 Nxd5 4. Nf3 Bg4 5. Be2 e6 6. 0-0 Bd6 7. h3 Bh5 8. c4 Nf6 9. Qb3 b6 10. Bg5 0-0 11. Nc3 h6 12. Be3 Nbd7 13. Nb5 Ne4 14. Nxd6 cxd6 15. Rac1 Rc8 16. Rfd1 f5 17. c5 d5 18. Ba6 f4 19. Bd2 Rc7 20. Bb4 Rf6 21. cxb6 Nxb6 22. Ba5 Rg6 23. Re1 Qe7 24. Rxc7 Qxc7 25. Ne5 Rg5 26. h4 Rxe5 27. dxe5 Qxe5 28. Bxb6 axb6 29. Qxb6 f3 30. Qe3 fxg2 31. f3 Qd6 32. fxe4 Qxa6 33. exd5 exd5 34. Qe6+ Qxe6 35. Rxe6 Bf3 36. b4 Kf7 37. Re3 Be4 38. b5 Ke6 39. b6 Kd7 40. b7 Kc7 41. Rb3 Kb8 42. a4 d4 43. a5 d3 44. a6 Ka7 1-0

[Event "Gironi-ch A"]
[Site "Sant Gregori"]
[Date "2007.11.11"]
[Round "6.4"]
[White "Sabria Batlle, Pol"]
[Black "Cid Blazquez, Antonio"]
[Result "1-0"]
[WhiteElo "2006"]
[BlackElo "2012"]
[PlyCount "93"]
[EventDate "2007.10.07"]
[EventType "swiss"]
[EventRounds "8"]
[EventCountry "ESP"]
[SourceTitle "EXT 2024"]
[Source "ChessBase"]
[SourceDate "2023.10.10"]
[SourceVersion "1"]
[SourceVersionDate "2023.10.10"]
[SourceQuality "1"]

1. d4 Nf6 2. c4 g6 3. Nc3 Bg7 4. e4 d6 5. f3 0-0 6. Be3 c5 7. d5 e6 8. Bd3 exd5 9. cxd5 a6 10. a4 Qa5 11. Nge2 Nbd7 12. 0-0 Ne5 13. Bg5 c4 14. Bc2 h6 15. Be3 Nfd7 16. Qd2 Kh7 17. f4 Ng4 18. Bd4 Bxd4+ 19. Nxd4 Qc5 20. Kh1 h5 21. h3 Nh6 22. Rae1 Qc7 23. Re2 Re8 24. Rfe1 f6 25. Ne6 Qb6 26. Re3 Nc5 27. Qd4 Bxe6 28. dxe6 Qxb2 29. R1e2 Qc1+ 30. Kh2 Rxe6 31. Nd5 Rf8 32. Nc7 b5 33. Nxe6 Nxe6 34. Qxd6 Re8 35. f5 Ng7 36. fxg6+ Kh8 37. axb5 axb5 38. Qxf6 b4 39. Qf4 Ng8 40. Ba4 Ra8 41. Bc6 Ra1 42. Re1 Qxe1 43. Rxe1 Rxe1 44. Bd5 Rd1 45. Bxg8 c3 46. Bb3 Rb1 47. Qh6# 1-0

[Event "Gironi-ch A"]
[Site "Sant Gregori"]
[Date "2007.11.04"]
[Round "5.4"]
[White "Cid Blazquez, Antonio"]
[Black "Van Arkel, Johannes"]
[Result "1/2-1/2"]
[WhiteElo "2012"]
[BlackElo "1897"]
[PlyCount "62"]
[EventDate "2007.10.07"]
[EventType "swiss"]
[EventRounds "8"]
[EventCountry "ESP"]
[SourceTitle "EXT 2024"]
[Source "ChessBase"]
[SourceDate "2023.10.10"]
[SourceVersion "1"]
[SourceVersionDate "2023.10.10"]
[SourceQuality "1"]

1. e4 Nc6 2. d4 d5 3. e5 Bf5 4. Nf3 e6 5. Bd3 Bxd3 6. Qxd3 Nb4 7. Qe2 c5 8. dxc5 Nc6 9. 0-0 Bxc5 10. Nbd2 Qc7 11. Nb3 Bb6 12. Bf4 Nge7 13. c3 Ng6 14. Bg3 0-0 15. Rfe1 a5 16. Rac1 a4 17. Nbd4 Nxd4 18. cxd4 Qd7 19. Rc2 Rfc8 20. Rec1 Ne7 21. Bf4 Rxc2 22. Rxc2 Rc8 23. Rxc8+ Qxc8 24. Qb5 Qc6 25. Qb4 Ng6 26. Be3 Bd8 27. g3 b6 28. h4 Be7 29. Qc3 Qxc3 30. bxc3 b5 31. Bg5 f6 1/2-1/2

[Event "Gironi-ch A"]
[Site "Sant Gregori"]
[Date "2007.10.28"]
[Round "4.5"]
[White "Montpart Pons, Jordi"]
[Black "Cid Blazquez, Antonio"]
[Result "1/2-1/2"]
[WhiteElo "1990"]
[BlackElo "2012"]
[PlyCount "80"]
[EventDate "2007.10.07"]
[EventType "swiss"]
[EventRounds "8"]
[EventCountry "ESP"]
[SourceTitle "EXT 2024"]
[Source "ChessBase"]
[SourceDate "2023.10.10"]
[SourceVersion "1"]
[SourceVersionDate "2023.10.10"]
[SourceQuality "1"]

1. Nf3 Nf6 2. d4 g6 3. c4 Bg7 4. Nc3 d6 5. e4 0-0 6. g3 Nbd7 7. Bg2 e5 8. d5 Nc5 9. Qc2 a5 10. 0-0 Bd7 11. Nh4 Ne8 12. Be3 f5 13. exf5 gxf5 14. f4 e4 15. Bh3 Nd3 16. Ng2 h5 17. Ne1 Nc5 18. Kh1 Nf6 19. Rg1 Ng4 20. Bxg4 hxg4 21. Qd2 Qf6 22. Rd1 b6 23. Rg2 Rac8 24. Rb1 Kf7 25. Ne2 Rh8 26. Bd4 Qh6 27. Bg1 Rh7 28. Nc1 Rch8 29. Nb3 Bf6 30. Nd4 Qg7 31. b3 Rh3 32. Ne2 Re8 33. Qe3 Rhh8 34. Nd4 Rh3 35. Ne2 Reh8 36. Rd1 R8h7 37. Nd4 Qh8 38. Ne2 Bh4 39. Qd4 Bf6 40. Qe3 Bh4 1/2-1/2

[Event "Banyoles op 6th"]
[Site "Banyoles"]
[Date "2003.08.03"]
[Round "2"]
[White "Poyato Sala, Josep Albert"]
[Black "Cid Blazquez, Antonio"]
[Result "1/2-1/2"]
[WhiteElo "2174"]
[BlackElo "100"]
[PlyCount "68"]
[EventDate "2003.08.??"]
[EventType "swiss"]
[EventRounds "9"]
[EventCountry "ESP"]
[SourceTitle "EXT 2005"]
[Source "ChessBase"]
[SourceDate "2004.11.15"]
[SourceVersion "1"]
[SourceVersionDate "2004.11.15"]
[SourceQuality "1"]

1. d4 Nf6 2. c4 g6 3. Nc3 Bg7 4. e4 d6 5. Be2 0-0 6. Bg5 Na6 7. f4 c6 8. e5 Ne8 9. Nf3 Nac7 10. Bh4 d5 11. cxd5 cxd5 12. Qb3 b6 13. 0-0 Bb7 14. Bd3 f6 15. a4 Ne6 16. Bg3 fxe5 17. fxe5 a6 18. Ne2 Bh6 19. Be1 Rc8 20. Bd2 Bxd2 21. Nxd2 N8g7 22. Rxf8+ Kxf8 23. Rf1+ Kg8 24. Qb4 a5 25. Qa3 Qd7 26. Bb5 Bc6 27. Bxc6 Rxc6 28. Qf3 Rc8 29. Nc3 Rd8 30. Nb3 h6 31. h4 Kh7 32. g3 Nc7 33. Kg2 Qf5 34. Qe2 Qe6 1/2-1/2